000 00243nam a2200097Ia 4500
001 683938
005 20250826161448.0
008 250824s9999 xx 000 0 und d
245 0 _aALBATROSUN ÇOCUKLARI
_cANAİS NİN
260 _bEVEREST YAYINLARI
999 _c683938
_d683938